000
00287nam a2200121Ia 4500
008
190216s9999||||xx |||||||||||||| ||und||
100
_a
Rekha Madhubal
245
0
_a
Hindi- Paryabarn Aur Pradusharna
260
_b
Gurjan Prakashan
_c
2007
300
_a
64
650
_a
Hindi
942
_c
BK
999
_c
16486
_d
16486